000 00207 a2200109 4500
020 _a9780517141663
041 _aeng
100 _aRosemary Wadey
245 _a50 Ways With Rice
942 _cBK
952 _74
999 _c17780
_d17780